UM Logo

Voronoï summation for GLn : (Record no. 17944)

MARC details
000 -LEADER
fixed length control field 00721nam a22002057a 4500
003 - CONTROL NUMBER IDENTIFIER
control field OSt
005 - DATE AND TIME OF LATEST TRANSACTION
control field 20231027133839.0
008 - FIXED-LENGTH DATA ELEMENTS--GENERAL INFORMATION
fixed length control field 230207b ||||| |||| 00| 0 eng d
040 ## - CATALOGING SOURCE
Transcribing agency 0
082 ## - DEWEY DECIMAL CLASSIFICATION NUMBER
Classification number DPer 510.5 Am351 October - December 2021 v143 no. 5-6
100 ## - MAIN ENTRY--PERSONAL NAME
Personal name Corbett, Andrew.
Relator term author.
9 (RLIN) 47786
245 ## - TITLE STATEMENT
Title Voronoï summation for GLn :
Remainder of title collusion between level and modulus /
Statement of responsibility, etc. Andrew Corbett
260 ## - PUBLICATION, DISTRIBUTION, ETC. (IMPRINT)
Place of publication, distribution, etc. Baltimore, MaryLand U.S.,
Name of publisher, distributor, etc. Johns Hopkins University Press,
Date of publication, distribution, etc. October 2021.
300 ## - PHYSICAL DESCRIPTION
Extent volume 143, pages 1361-1395.
650 ## - SUBJECT ADDED ENTRY--TOPICAL TERM
Topical term or geographic name as entry element Number theory.
9 (RLIN) 47787
650 ## - SUBJECT ADDED ENTRY--TOPICAL TERM
Topical term or geographic name as entry element Mathematical notation.
9 (RLIN) 47730
650 ## - SUBJECT ADDED ENTRY--TOPICAL TERM
Topical term or geographic name as entry element Functions.
9 (RLIN) 47788
700 ## - ADDED ENTRY--PERSONAL NAME
Personal name Corbett, Andrew.
Relator term author.
9 (RLIN) 47786
942 ## - ADDED ENTRY ELEMENTS (KOHA)
Source of classification or shelving scheme Dewey Decimal Classification
Koha item type Periodicals
Holdings
Withdrawn status Lost status Source of classification or shelving scheme Damaged status Not for loan Collection code Home library Current library Date acquired Total Checkouts Full call number Date last seen Price effective from Koha item type Public note
    Dewey Decimal Classification     Periodicals UM Digos College - LIC UM Digos College - LIC 02/07/2023   DPer 510.5 Am351 October - December 2021 v143 no. 5-6 02/07/2023 02/07/2023 Periodicals Periodical article